000 00584 a2200169 4500
003 Nust
005 20170207154121.0
020 _a 0195142519
040 _cNust
082 _a621.38132
100 _aJamal, Habibullah
245 _a Microelectronic circuits / DesignFabrication and Applications
_c Prof Dr habibullah Jamal
260 _aNew York
_bOxford University Press,
_c2004.
300 _a139p;
505 _aIntegrated Circuit Chip (Page-12) Models for IC Devices (Page-51) Analog Circuits (Page-95) Operational Amplifiers (Page-151)
538 _a Almirah No. 126 Shelf No. 5
942 _2ddc
_cBK
999 _c194341
_d194341